[Event "Sveins 5. minneturnering"]
[Site "Oslo"]
[Date "2012.06.22"]
[Round "3"]
[White "Ziska, Helgi Dam"]
[Black "Tari, Aryan"]
[Result "1-0"]
[WhiteElo "2450"]
[BlackElo "2216"]
[PlyCount "111"]
[EventDate "2012.??.??"]

1. e4 c5 2. Nf3 Nc6 3. Bb5 g6 4. Bxc6 dxc6 5. d3 Bg7 6. h3 Nf6 7. Nc3 O-O 8.
O-O Nd7 9. Be3 e5 10. Nd2 Re8 11. a4 b6 12. a5 Rb8 13. Nc4 Qe7 14. axb6 axb6
15. Ra7 b5 16. Na5 Qd6 17. Qf3 Bf6 18. Nb3 Rb7 19. Ra8 Be7 20. Qg3 Rb8 21. Ra2
Bf6 22. Ra7 Rb7 23. Ra8 Be7 24. Kh1 Qe6 25. Qg4 Qf6 26. Qd1 Qe6 27. Qg4 Qf6 28.
Qg3 Qe6 29. Raa1 h5 30. f4 exf4 31. Bxf4 Bf8 32. Qf2 Qf6 33. Rae1 c4 34. Na5
Rb6 35. dxc4 Ra6 36. e5 Nxe5 37. Ne4 Qf5 38. Nb3 c5 39. Ng3 Qf6 40. Rxe5 Rxe5
41. Bxe5 Qxf2 42. Rxf2 bxc4 43. Nd2 Re6 44. Bc3 f5 45. Re2 Rd6 46. Nxc4 Rd1+
47. Re1 Rxe1+ 48. Bxe1 Ba6 49. b3 Bb7 50. h4 f4 51. Ne2 f3 52. Nf4 Bh6 53. Nd3
fxg2+ 54. Kg1 Bf8 55. Bf2 Be4 56. Nd2 
1-0

[Event "Sveins 5. minneturnering"]
[Site "Oslo"]
[Date "2012.06.22"]
[Round "3"]
[White "Lund, Terje"]
[Black "Hagen, Andreas Skytte"]
[Result "0-1"]
[WhiteElo "2053"]
[BlackElo "2445"]
[PlyCount "116"]
[EventDate "2012.??.??"]

1. d4 d5 2. Nf3 Nc6 3. Bf4 Bg4 4. e3 e6 5. Be2 Bd6 6. Bxd6 Qxd6 7. Nbd2 Nf6 8.
O-O O-O 9. h3 Bh5 10. c4 Ne7 11. c5 Qd8 12. b4 Ne4 13. Nxe4 dxe4 14. Nd2 Bxe2
15. Qxe2 Qd5 16. Rfd1 Rad8 17. a4 Rd7 18. Nc4 f6 19. Qc2 Rfd8 20. Rf1 Ng6 21.
Nd2 f5 22. Rae1 e5 23. Nb3 exd4 24. exd4 Nf4 25. Re3 Nd3 26. f3 Nxb4 27. Qc3
Nc6 28. fxe4 fxe4 29. Rf4 Re8 30. Qc2 Rde7 31. Qc3 h6 32. Kh1 Rf7 33. Rxf7 Kxf7
34. Re1 Kg8 35. Re3 Re6 36. Re1 Rg6 37. Qc2 Re6 38. Qc3 Re7 39. Re2 Rd7 40. Qc2
Nxd4 41. Nxd4 Qxd4 42. Rxe4 Qd1+ 43. Qxd1 Rxd1+ 44. Kh2 Rc1 45. Rb4 Rxc5 46.
Rxb7 a5 47. Kg3 Kf7 48. Kf3 Ke6 49. Ra7 Kd5 50. Ra6 Kc4 51. Rg6 Kb3 52. Rxg7
Kxa4 53. Ke3 Kb3 54. Rg6 h5 55. Ra6 a4 56. g4 a3 57. Kd4 Rc4+ 58. Kd5 Ra4 0-1

[Event "Sveins 5. minneturnering"]
[Site "Oslo"]
[Date "2012.06.22"]
[Round "3"]
[White "Urkedal, Frode Olav Olsen"]
[Black "Seps, Monika"]
[Result "1-0"]
[WhiteElo "2439"]
[BlackElo "2193"]
[PlyCount "57"]
[EventDate "2012.??.??"]

1. d4 Nf6 2. c4 c5 3. d5 e6 4. Nc3 exd5 5. cxd5 Bd6 6. Nf3 O-O 7. Bg5 Re8 8. e3
h6 9. Bh4 Bf8 10. Be2 d6 11. Nd2 Nbd7 12. O-O a6 13. a4 Rb8 14. Bg3 Ne5 15. h3
g5 16. Qc2 Ng6 17. Nc4 b5 18. axb5 axb5 19. Na5 Bd7 20. Nc6 Bxc6 21. dxc6 b4
22. Nb5 Rb6 23. Bc4 Ne4 24. Ra7 Re7 25. Rxe7 Nxe7 26. Qxe4 d5 27. Rd1 Rxb5 28.
Bxb5 Qb6 29. Rxd5 
1-0

[Event "Sveins 5. minneturnering"]
[Site "Oslo"]
[Date "2012.06.22"]
[Round "3"]
[White "Wibe, Per H."]
[Black "Øgaard, Leif"]
[Result "1/2-1/2"]
[WhiteElo "1849"]
[BlackElo "2408"]
[PlyCount "79"]
[EventDate "2012.??.??"]

1. e4 c5 2. c4 Nc6 3. Nc3 g6 4. g3 Bg7 5. Bg2 d6 6. Nge2 a6 7. d3 Rb8 8. O-O b5
9. cxb5 axb5 10. f4 Bd7 11. h3 e6 12. f5 b4 13. fxe6 fxe6 14. Nb1 Nh6 15. Nd2
Nf7 16. Nc4 O-O 17. Nf4 Nd4 18. h4 Qe7 19. Be3 b3 20. axb3 Rxb3 21. Ra7 Rfb8
22. h5 g5 23. Ng6 Qe8 24. Rxf7 Qxf7 25. Nxd6 Rxb2 26. Nxf7 Rb1 27. Bc1 Rxc1 28.
Qxc1 Ne2+ 29. Kh2 Nxc1 30. Rxd7 hxg6 31. Nxg5 gxh5 32. Nxe6 Bf6 33. Nxc5 Ne2
34. Ne6 Be5 35. Nf4 Nxf4 36. gxf4 Bxf4+ 37. Kh3 Rb2 38. Rd5 Rd2 39. Rf5 Rxd3+
40. Kh4 
1/2-1/2

[Event "Sveins 5. minneturnering"]
[Site "Oslo"]
[Date "2012.06.22"]
[Round "3"]
[White "Haubro, Sigfred"]
[Black "Schjelderup, Nils-Jakob"]
[Result "1-0"]
[WhiteElo "2135"]
[BlackElo "1930"]
[PlyCount "61"]
[EventDate "2012.??.??"]

1. Nf3 f5 2. b3 Nf6 3. Bb2 e6 4. e3 Be7 5. Be2 O-O 6. O-O d6 7. d4 Qe8 8. c4 a5
9. Nc3 Qg6 10. Qc2 Nc6 11. a3 Bd7 12. d5 Nd8 13. dxe6 Bxe6 14. Nd4 Bd7 15. Nd5
Nxd5 16. cxd5 c5 17. dxc6 Nxc6 18. Bf3 Kh8 19. Ne2 Ne5 20. Bxb7 Rab8 21. Nf4
Qh6 22. Bd5 Rfc8 23. Qd2 Rc5 24. Rfc1 Rbc8 25. Rxc5 Rxc5 26. b4 Rxd5 27. Qxd5
Bc6 28. Qe6 Nf3+ 29. gxf3 Qg5+ 30. Kf1 Bxf3 31. Rc1 
1-0

[Event "Sveins 5. minneturnering"]
[Site "Oslo"]
[Date "2012.06.22"]
[Round "3"]
[White "Kjøita, Henning"]
[Black "De Seroux, Camille"]
[Result "0-1"]
[WhiteElo "1970"]
[BlackElo "2128"]
[PlyCount "84"]
[EventDate "2012.??.??"]

1. e4 c5 2. g3 d6 3. Bg2 Nc6 4. Ne2 g6 5. O-O Bg7 6. d3 e6 7. c4 Nge7 8. Nbc3
O-O 9. Rb1 a6 10. a3 Nd4 11. Nxd4 cxd4 12. Ne2 b5 13. e5 Rb8 14. Nxd4 Bxe5 15.
Nf3 Bg7 16. b4 Bb7 17. Bb2 Bxb2 18. Rxb2 Qb6 19. Qd2 Rfc8 20. Rc1 Nf5 21. Rbc2
Bxf3 22. Bxf3 Nd4 23. Qe3 Nxc2 24. Qxb6 Rxb6 25. Rxc2 Kg7 26. c5 dxc5 27. bxc5
Rbb8 28. d4 Rc7 29. c6 Rd8 30. Rd2 e5 31. Re2 exd4 32. Kf1 d3 33. Rd2 Kf6 34.
Ke1 Ke5 35. Rb2 d2+ 36. Kd1 Rd3 37. Bg2 Kd4 38. a4 Re7 39. Rb4+ Kc3 40. Re4
Rxe4 41. Bxe4 Rd4 42. Bf3 Rxa4 
0-1

[Event "Sveins 5. minneturnering"]
[Site "Oslo"]
[Date "2012.06.22"]
[Round "3"]
[White "Moseng, Geir"]
[Black "Langmyhr, Tore"]
[Result "1-0"]
[WhiteElo "2124"]
[BlackElo "1905"]
[PlyCount "165"]
[EventDate "2012.??.??"]

1. Nf3 d5 2. d4 Bf5 3. g3 Nf6 4. Bg2 e6 5. O-O Bd6 6. c4 c6 7. b3 O-O 8. Bb2
Nbd7 9. Nbd2 Ne4 10. Nh4 Ndf6 11. Nxf5 exf5 12. cxd5 cxd5 13. Nf3 f4 14. Ne5
fxg3 15. hxg3 Qe7 16. Rc1 Qe6 17. e3 Rad8 18. Qd3 a6 19. Rc2 Qf5 20. Rfc1 h5
21. Qf1 g5 22. Qe1 g4 23. Qa5 h4 24. gxh4 Qh5 25. Ba3 Bxa3 26. Qxa3 Qxh4 27.
Qe7 Rc8 28. Nd7 Rce8 29. Nxf6+ Nxf6 30. Qd6 Kg7 31. Rc7 Ne4 32. Qf4 Re6 33.
Bxe4 dxe4 34. R1c5 Kg6 35. Qf5+ Kh6 36. Qf4+ Kg6 37. Qh2 Qxh2+ 38. Kxh2 b5 39.
R5c6 Rfe8 40. d5 Rxc6 41. Rxc6+ Kf5 42. Rxa6 Rd8 43. d6 Ke6 44. Rb6 Ra8 45. Kg3
Rxa2 46. Rxb5 Kxd6 47. Rb4 f5 48. Rd4+ Ke5 49. Ra4 Rb2 50. b4 Ke6 51. Ra6+ Ke5
52. Ra5+ Kf6 53. Rb5 Kg5 54. Rb6 Rb1 55. b5 Rg1+ 56. Kh2 Rb1 57. Rb8 Rb2 58.
Kg3 Kf6 59. b6 Kg7 60. b7 Kh7 61. Kh4 Kg7 62. Kg5 Rb5 63. Kf4 Kh7 64. Rf8 Rxb7
65. Rxf5 Kg6 66. Kxg4 Re7 67. Kf4 Re8 68. Re5 Rf8+ 69. Kg3 Rg8 70. Rxe4 Kf5+
71. Kf3 Rh8 72. Ra4 Rh3+ 73. Ke2 Rh8 74. Ra5+ Ke6 75. f4 Rb8 76. e4 Rb2+ 77.
Kf3 Rb1 78. f5+ Kf6 79. Ra6+ Kf7 80. Kf4 Rf1+ 81. Ke5 Rb1 82. Ra7+ Kf8 83. Kf6
1-0

[Event "Sveins 5. minneturnering"]
[Site "Oslo"]
[Date "2012.06.22"]
[Round "3"]
[White "Kjøita, Torgeir"]
[Black "Omtvedt, Per"]
[Result "0-1"]
[WhiteElo "1880"]
[BlackElo "2117"]
[PlyCount "86"]
[EventDate "2012.??.??"]

1. g3 f5 2. d4 Nf6 3. Bg2 e6 4. c4 d5 5. c5 b6 6. b4 a5 7. bxa5 bxc5 8. Bd2
cxd4 9. Nf3 Nc6 10. Qa4 Bd7 11. O-O Nxa5 12. Qxd4 c5 13. Qh4 Bd6 14. a4 O-O 15.
Nc3 Nb3 16. Rab1 c4 17. Be3 Qa5 18. Nb5 Bxb5 19. axb5 Qxb5 20. Nd4 Qd7 21. Nxb3
cxb3 22. Rxb3 Ra4 23. Rb7 Rxh4 24. Rxd7 Nxd7 25. gxh4 Be7 26. Bg5 Bxg5 27. hxg5
Rc8 28. Rd1 Ne5 29. e3 Kf7 30. Bf1 Nf3+ 31. Kg2 Nxg5 32. f3 Kf6 33. Ba6 Rc2+
34. Kg3 Rc3 35. Kf2 f4 36. Bd3 fxe3+ 37. Kxe3 Ra3 38. f4 Ne4 39. Rc1 h6 40. Rc2
Rc3 41. Rg2 Nc5 42. Kd4 Rxd3+ 43. Kxc5 Rf3 0-1

[Event "Sveins 5. minneturnering"]
[Site "Oslo"]
[Date "2012.06.22"]
[Round "3"]
[White "Heublum, Harry A"]
[Black "Mihajlov, Svetoslav"]
[Result "0-1"]
[WhiteElo "1903"]
[BlackElo "2092"]
[PlyCount "54"]
[EventDate "2012.??.??"]

1. d4 d5 2. Nf3 Nf6 3. e3 Bg4 4. c4 e6 5. Qb3 Qc8 6. Nc3 c6 7. Bd2 Nbd7 8. Rc1
Qb8 9. h3 Bh5 10. Be2 Bd6 11. O-O O-O 12. Rfe1 Ne4 13. Nxe4 dxe4 14. Ng5 Bg6
15. c5 Bh2+ 16. Kh1 Bc7 17. Nxe6 fxe6 18. Qxe6+ Rf7 19. Bc4 Kh8 20. Rf1 Nf6 21.
f3 Qf8 22. h4 Nh5 23. Qg4 Ng3+ 24. Kg1 Bf5 25. fxe4 Bxg4 26. Rxf7 Qd8 27. e5
Qxh4 
0-1

[Event "Sveins 5. minneturnering"]
[Site "Oslo"]
[Date "2012.06.22"]
[Round "3"]
[White "Haug, Johannes"]
[Black "Poulsen, Iver"]
[Result "1/2-1/2"]
[WhiteElo "1886"]
[BlackElo "2084"]
[PlyCount "77"]
[EventDate "2012.??.??"]

1. e4 c5 2. c3 Nf6 3. e5 Nd5 4. d4 cxd4 5. Nf3 Nc6 6. cxd4 d6 7. Be2 Bf5 8. O-O
e6 9. Nc3 Nxc3 10. bxc3 Be7 11. exd6 Qxd6 12. Be3 O-O 13. Qd2 Rac8 14. Rac1
Rfd8 15. Rfd1 Qa3 16. Bf4 Qa5 17. Bd3 Bxd3 18. Qxd3 Qxa2 19. Ra1 Qd5 20. Rdb1
Bf6 21. Rb5 Qd7 22. Bg5 Bxg5 23. Nxg5 f5 24. Qe3 Re8 25. Nf3 a6 26. Rb2 Qc7 27.
h3 Rcd8 28. Rab1 b5 29. Ra2 Qb6 30. Ne5 Nxe5 31. Qxe5 Rd5 32. Qe2 Qc6 33. Rba1
Ra8 34. Ra3 Qd6 35. Qa2 b4 36. cxb4 Qxb4 37. Rxa6 Rxa6 38. Qxa6 Qe7 39. Qc4
1/2-1/2

[Event "Sveins 5. minneturnering"]
[Site "Oslo"]
[Date "2012.06.22"]
[Round "3"]
[White "Hansen, Erle Andrea Marki"]
[Black "Mihajlov, Sebastian"]
[Result "1/2-1/2"]
[WhiteElo "1853"]
[BlackElo "2064"]
[PlyCount "83"]
[EventDate "2012.??.??"]

1. d4 d5 2. Nf3 Nf6 3. g3 c6 4. Bg2 Bf5 5. O-O h6 6. c4 e6 7. Nbd2 Nbd7 8. b3
Bd6 9. Bb2 O-O 10. Ne5 Bxe5 11. dxe5 Ng4 12. Nf3 Be4 13. Qe1 Qc7 14. Qc3 h5 15.
cxd5 Bxd5 16. h3 Nh6 17. Rfe1 c5 18. e4 Bc6 19. Bc1 Kh7 20. Ng5+ Kg8 21. Bf4
Rfe8 22. Bf3 g6 23. Rad1 Kg7 24. Rd6 Ng8 25. Red1 Rac8 26. Qd2 Nf8 27. g4 hxg4
28. hxg4 Qe7 29. Be3 b6 30. Bg2 Qb7 31. f4 Nh7 32. Nxh7 Kxh7 33. Qf2 Kg7 34.
Qf3 Ne7 35. f5 exf5 36. gxf5 Nxf5 37. Rxc6 Qxc6 38. exf5 Qxf3 39. Bxf3 Rxe5 40.
Bf4 Re7 41. fxg6 Kxg6 42. Rd5 
1/2-1/2

[Event "Sveins 5. minneturnering"]
[Site "Oslo"]
[Date "2012.06.22"]
[Round "3"]
[White "Diaz, Linda"]
[Black "Riiser, Samuel"]
[Result "1-0"]
[WhiteElo "2007"]
[BlackElo "1825"]
[PlyCount "73"]
[EventDate "2012.??.??"]

1. d4 Nf6 2. Nc3 e6 3. e4 d6 4. Bg5 Be7 5. Nf3 Nbd7 6. Qd2 O-O 7. Bd3 a6 8. h4
e5 9. Ne2 exd4 10. Nfxd4 Nc5 11. Ng3 Ng4 12. Be2 h6 13. Bxe7 Qxe7 14. f3 Nf6
15. O-O-O Qd7 16. Ngf5 Qa4 17. Kb1 Ne6 18. Ne7+ Kh8 19. Nxc8 Raxc8 20. Nf5 Nh5
21. Qc3 Nhf4 22. Bc4 Kh7 23. g3 Nh5 24. g4 Nhf4 25. g5 b5 26. Bb3 b4 27. Qxc7
Qxa2+ 28. Bxa2 Rxc7 29. Nxd6 Rd8 30. e5 Ng6 31. Nxf7 Rxd1+ 32. Rxd1 Rxf7 33.
Bxe6 Rxf3 34. h5 Nf8 35. g6+ Kh8 36. Rd8 a5 37. Bf7 
1-0

[Event "Sveins 5. minneturnering"]
[Site "Oslo"]
[Date "2012.06.22"]
[Round "3"]
[White "Arntsen, Frode"]
[Black "Johansen, Stian"]
[Result "1/2-1/2"]
[WhiteElo "1815"]
[BlackElo "1997"]
[PlyCount "85"]
[EventDate "2012.??.??"]

1. c4 g6 2. g3 Bg7 3. Bg2 c5 4. Nc3 Nc6 5. Nf3 Nf6 6. O-O O-O 7. d4 cxd4 8.
Nxd4 Qb6 9. Nb3 d6 10. Be3 Qd8 11. Rc1 Ng4 12. Bf4 Nge5 13. c5 dxc5 14. Nxc5
Qxd1 15. Rfxd1 Bf5 16. Nxb7 Rac8 17. Ne4 Nd7 18. Ned6 exd6 19. Rxc6 Rxc6 20.
Bxc6 Ne5 21. Bd5 g5 22. Bxg5 Rb8 23. b3 Bf8 24. Kg2 Kg7 25. Rc1 Nd7 26. Bf4 Ne5
27. h3 h5 28. Rc7 Bg6 29. Bg5 Bf5 30. f4 Kg6 31. fxe5 Kxg5 32. exd6 Kf6 33.
Rxf7+ Kg6 34. e4 Bxe4+ 35. Bxe4+ Kxf7 36. Bd5+ Kf6 37. Nc5 Rb5 38. Nd7+ Kg7 39.
Bc6 Ra5 40. Nxf8 Rxa2+ 41. Kf3 Kxf8 42. Ke4 Kf7 43. Kf5 
1/2-1/2

[Event "Sveins 5. minneturnering"]
[Site "Oslo"]
[Date "2012.06.22"]
[Round "3"]
[White "Eriksen, Dag"]
[Black "Hansen, Lars-Henrik Bech"]
[Result "0-1"]
[WhiteElo "1656"]
[BlackElo "1992"]
[PlyCount "68"]
[EventDate "2012.??.??"]

1. e4 d6 2. d4 Nf6 3. Nc3 g6 4. f4 Bg7 5. Nf3 c5 6. Bb5+ Bd7 7. Bxd7+ Nfxd7 8.
O-O cxd4 9. Nxd4 O-O 10. Be3 Nc6 11. Nxc6 bxc6 12. Bd4 Bxd4+ 13. Qxd4 Qb6 14.
Qxb6 Nxb6 15. b3 d5 16. e5 e6 17. Nd1 a5 18. Nf2 c5 19. Ng4 Nd7 20. a4 Rfc8 21.
Rf3 Rab8 22. c4 dxc4 23. bxc4 Rb4 24. Rd3 Nb6 25. Rad1 Rxc4 26. Rd8+ Rxd8 27.
Rxd8+ Kg7 28. Nf6 Rxf4 29. Rg8+ Kh6 30. Rf8 Nd5 31. g3 Rxa4 32. Rxf7 g5 33.
Nxh7 Kg6 34. Ra7 Kf5 
0-1

[Event "Sveins 5. minneturnering"]
[Site "Oslo"]
[Date "2012.06.22"]
[Round "3"]
[White "Rødvik, Trym Daniel"]
[Black "Edakina, Maria"]
[Result "0-1"]
[WhiteElo "1926"]
[BlackElo "1628"]
[PlyCount "80"]
[EventDate "2012.??.??"]

1. e4 e5 2. Nf3 Nf6 3. Nxe5 d6 4. Nf3 Nxe4 5. Nc3 Nxc3 6. dxc3 Be7 7. Bf4 Nc6
8. Bd3 Be6 9. Qd2 Qd7 10. O-O-O O-O-O 11. Ng5 Ne5 12. Be2 Qa4 13. a3 Nc4 14.
Qd3 Qb5 15. b3 Bxg5 16. g3 Qa5 17. bxc4 Bxf4+ 18. gxf4 d5 19. Kb2 dxc4 20. Qe3
Rhe8 21. Rxd8+ Rxd8 22. Rd1 Rxd1 23. Bxd1 Qb6+ 24. Kc1 Qxe3+ 25. fxe3 Bd5 26.
Bg4+ Kd8 27. Kd2 Ke7 28. Ke2 Kd6 29. Bf3 Bxf3+ 30. Kxf3 f5 31. e4 fxe4+ 32.
Kxe4 b5 33. h4 c5 34. h5 g6 35. h6 Ke6 36. Kf3 Kf5 37. Ke3 a5 38. Kf3 b4 39.
cxb4 cxb4 40. axb4 axb4 
0-1

[Event "Sveins 5. minneturnering"]
[Site "Oslo"]
[Date "2012.06.22"]
[Round "3"]
[White "Bue, Gunnar"]
[Black "Jørgensen, Line Jin"]
[Result "1/2-1/2"]
[WhiteElo "1693"]
[BlackElo "1876"]
[PlyCount "61"]
[EventDate "2012.??.??"]

1. d4 Nf6 2. c4 c5 3. e3 cxd4 4. exd4 g6 5. Nf3 Bg7 6. Be2 O-O 7. Nc3 d5 8. b3
Nc6 9. Bb2 Bg4 10. O-O dxc4 11. bxc4 Bxf3 12. Bxf3 Nxd4 13. Nd5 Nxf3+ 14. Qxf3
Nxd5 15. Bxg7 Kxg7 16. cxd5 Qd6 17. Rab1 Rab8 18. Rfc1 Kg8 19. g3 Rfd8 20. Rd1
Rd7 21. Rb3 Rbd8 22. Rbd3 b5 23. h4 a5 24. h5 gxh5 25. Qxh5 Qg6 26. Qf3 e5 27.
dxe6 Qxe6 28. Rxd7 Rxd7 29. Rxd7 Qxd7 30. Qa8+ Kg7 31. Qxa5 
1/2-1/2

[Event "Sveins 5. minneturnering"]
[Site "Oslo"]
[Date "2012.06.22"]
[Round "3"]
[White "Sætre, Roger"]
[Black "Ellingsrud, Bjørn"]
[Result "1-0"]
[WhiteElo "1865"]
[BlackElo "1693"]
[PlyCount "47"]
[EventDate "2012.??.??"]

1. e4 e5 2. Nf3 Nc6 3. d4 exd4 4. Bc4 h6 5. O-O Bc5 6. c3 d3 7. Qxd3 Nge7 8.
Bxf7+ Kxf7 9. Qc4+ d5 10. Qxc5 dxe4 11. Ne5+ Nxe5 12. Qxe5 Nf5 13. Bf4 Nd6 14.
Nd2 Re8 15. Qh5+ Kg8 16. Rfe1 Rf8 17. Qd5+ Kh8 18. Bxd6 cxd6 19. Nxe4 Qb6 20.
Qxd6 Qd8 21. Qxd8 Rxd8 22. Rad1 Rf8 23. Nd6 b6 24. Nxc8 
1-0

[Event "Sveins 5. minneturnering"]
[Site "Oslo"]
[Date "2012.06.22"]
[Round "3"]
[White "Roholdt, Njaal"]
[Black "Jacobsen, Trond"]
[Result "1-0"]
[WhiteElo "1756"]
[BlackElo "1610"]
[PlyCount "130"]
[EventDate "2012.??.??"]

1. e4 c5 2. Nf3 d6 3. d4 cxd4 4. Nxd4 Nf6 5. Nc3 a6 6. a4 e6 7. Bg5 Be7 8. Bd3
Qb6 9. Nb3 Bd7 10. a5 Qc7 11. O-O Bc6 12. Be3 Nbd7 13. f4 e5 14. f5 Bd8 15. Qf3
Be7 16. Qg3 g6 17. fxg6 hxg6 18. Qf2 Rh7 19. h3 d5 20. exd5 Nxd5 21. Nxd5 Bxd5
22. Nd2 Qc6 23. c4 Be6 24. Be4 Qc8 25. Qf3 f5 26. Bxb7 e4 27. Bxc8 exf3 28.
Bxd7+ Bxd7 29. Rxf3 Bc6 30. Rg3 Kf7 31. Bf4 Bf6 32. Rb1 Rd8 33. Nf3 Bd4+ 34.
Kh2 Bf6 35. Ng5+ Bxg5 36. Bxg5 Rd4 37. Rc1 f4 38. Rgc3 Rd2 39. R3c2 Rd4 40. b4
Ke6 41. Rf2 Rf7 42. Re2+ Kf5 43. h4 Kg4 44. b5 axb5 45. cxb5 Bxb5 46. Ra2 Rd6
47. Rb2 Ba6 48. Rb6 Rfd7 49. Rcc6 Rxc6 50. Rxc6 Bd3 51. Rc5 Ra7 52. Bf6 f3 53.
gxf3+ Kxf3 54. Bd8 Ra6 55. Bb6 Kg4 56. Rc3 Bf5 57. Rc4+ Kh5 58. Kg3 Ra8 59. Rc2
Kh6 60. Be3+ g5 61. Rc6+ Kh7 62. a6 gxh4+ 63. Kxh4 Bd3 64. a7 Kg7 65. Kg5 Kf7
1-0

[Event "Sveins 5. minneturnering"]
[Site "Oslo"]
[Date "2012.06.22"]
[Round "3"]
[White "Machlik, Jon"]
[Black "Olsen, Ulrik"]
[Result "1/2-1/2"]
[WhiteElo "1701"]
[BlackElo "1718"]
[PlyCount "79"]
[EventDate "2012.??.??"]

1. e4 e5 2. Nf3 Nc6 3. Bc4 Nf6 4. Ng5 d5 5. exd5 Na5 6. Bb5+ Bd7 7. Qe2 Bd6 8.
d4 O-O 9. Bxd7 Qxd7 10. Qd3 h6 11. Ne4 Nxd5 12. O-O Nb4 13. Qd1 exd4 14. Bxh6
Qf5 15. Nxd6 cxd6 16. Qxd4 gxh6 17. Qxb4 Kh7 18. Nc3 Rae8 19. Rad1 Rg8 20. Rd3
Nc6 21. Qxb7 Ne5 22. Rg3 Rb8 23. Qxa7 Rxb2 24. Rxg8 Kxg8 25. Qa8+ Kh7 26. Qe4
Qxe4 27. Nxe4 Rxa2 28. Nxd6 Rxc2 29. h3 Kg6 30. f4 Nc4 31. Ne4 Ne3 32. Rf2 Rxf2
33. Kxf2 Nd5 34. Kf3 f5 35. Nd6 h5 36. Nxf5 Kxf5 37. g4+ Kg6 38. gxh5+ Kxh5 39.
Ke4 Nxf4 40. Kxf4 
1/2-1/2

[Event "Sveins 5. minneturnering"]
[Site "Oslo"]
[Date "2012.06.22"]
[Round "4"]
[White "Hammer, Jon Ludvig"]
[Black "Moseng, Geir"]
[Result "1-0"]
[WhiteElo "2630"]
[BlackElo "2124"]
[PlyCount "65"]
[EventDate "2012.??.??"]

1. d4 Nf6 2. c4 g6 3. f3 d5 4. cxd5 Nxd5 5. e4 Nb6 6. Nc3 Bg7 7. Be3 O-O 8. Qd2
e5 9. d5 c6 10. h4 cxd5 11. exd5 N8d7 12. h5 Nf6 13. hxg6 fxg6 14. O-O-O Qe7
15. Nh3 Bxh3 16. Rxh3 Rac8 17. Bxb6 axb6 18. d6 Qd7 19. Kb1 Rfd8 20. Bb5 Qf5+
21. Ka1 e4 22. d7 Rc5 23. Qe2 Qe6 24. fxe4 Ng4 25. Ba4 Ne5 26. Bb3 Nc4 27. e5
Kh8 28. Bxc4 Rxc4 29. Rd6 Qxe5 30. Re3 Qxd6 31. Re8+ Bf8 32. Rxd8 Rf4 33. Ra8
1-0

[Event "Sveins 5. minneturnering"]
[Site "Oslo"]
[Date "2012.06.22"]
[Round "4"]
[White "Ådnøy, Hallvard V"]
[Black "Berg, Emanuel"]
[Result "0-1"]
[WhiteElo "2286"]
[BlackElo "2587"]
[PlyCount "50"]
[EventDate "2012.??.??"]

1. d4 e6 2. c4 Nf6 3. Nf3 b6 4. e3 Bb7 5. Bd3 d5 6. O-O Nbd7 7. Qe2 Bd6 8. Nc3
Ne4 9. cxd5 exd5 10. Ba6 Qc8 11. Bxb7 Qxb7 12. Bd2 O-O 13. Rac1 a6 14. Rc2 Rae8
15. Rfc1 Ndf6 16. Be1 Re6 17. Qd3 Rfe8 18. Ne2 c5 19. dxc5 bxc5 20. b4 c4 21.
Qd4 Bxb4 22. Rb1 Rb6 23. Rcb2 Bxe1 24. Rxb6 Bxf2+ 25. Kf1 Qc8 
0-1

[Event "Sveins 5. minneturnering"]
[Site "Oslo"]
[Date "2012.06.22"]
[Round "4"]
[White "Hillarp Persson, Tiger"]
[Black "Mihajlov, Svetoslav"]
[Result "1-0"]
[WhiteElo "2578"]
[BlackElo "2092"]
[PlyCount "89"]
[EventDate "2012.??.??"]

1. e4 e5 2. Nf3 Nc6 3. Bc4 Bc5 4. c3 Nf6 5. d3 O-O 6. O-O d5 7. exd5 Nxd5 8.
Nbd2 Nb6 9. Bb5 Bd6 10. Re1 Bf5 11. Bxc6 bxc6 12. d4 exd4 13. Nxd4 Bd7 14. Ne4
h6 15. Qf3 Re8 16. Bf4 c5 17. Nxd6 cxd6 18. Rxe8+ Qxe8 19. Nc2 d5 20. Re1 Be6
21. Qg3 Kh7 22. Be5 Qf8 23. b3 Nd7 24. Bd6 Qd8 25. Qd3+ Kg8 26. Ne3 c4 27. Qd4
Qb6 28. Nxd5 Qxd4 29. Ne7+ Kh7 30. cxd4 Nb6 31. bxc4 Bxc4 32. a3 Re8 33. Rc1
Nc8 34. Bc5 Bb3 35. Nf5 Nb6 36. h4 Nc4 37. d5 Rd8 38. d6 g6 39. Nd4 Ba2 40. Rc2
Nxd6 41. Rxa2 Ne4 42. Bxa7 Rd7 43. Nb5 Rd1+ 44. Kh2 Rb1 45. a4 
1-0

[Event "Sveins 5. minneturnering"]
[Site "Oslo"]
[Date "2012.06.22"]
[Round "4"]
[White "Urkedal, Frode Olav Olsen"]
[Black "Hebden, Mark L"]
[Result "1/2-1/2"]
[WhiteElo "2439"]
[BlackElo "2512"]
[PlyCount "116"]
[EventDate "2012.??.??"]

1. d4 Nf6 2. c4 g6 3. Nf3 Bg7 4. g3 O-O 5. Bg2 d6 6. O-O Nc6 7. Nc3 Rb8 8. Re1
e5 9. d5 Ne7 10. c5 Ne8 11. cxd6 cxd6 12. a4 Bd7 13. e4 f5 14. Ng5 a6 15. exf5
gxf5 16. Be3 Nf6 17. a5 Ng6 18. Qb3 Kh8 19. Bb6 Qe7 20. Rad1 Ng4 21. Ne6 Bxe6
22. dxe6 e4 23. Qd5 N4e5 24. Qxd6 Qxd6 25. Rxd6 Rfe8 26. Bd4 Nf8 27. Bxe5 Bxe5
28. Rd5 Ng6 29. Bh3 Rbc8 30. Rd7 Bxc3 31. bxc3 Rc5 32. Rb1 Nf8 33. Rf7 Nxe6 34.
Rxf5 Rxf5 35. Bxf5 Nc5 36. Re1 Re5 37. g4 Kg7 38. f3 h5 39. h3 Kf6 40. Bxe4 Kg5
41. Kf2 Kf4 42. c4 hxg4 43. hxg4 Re8 44. Bc2 Rh8 45. Kg2 Rd8 46. Rd1 Rxd1 47.
Bxd1 Nd3 48. Be2 Nc1 49. Bd1 Nd3 50. c5 Nxc5 51. Bc2 Nd7 52. Be4 b5 53. axb6
Nxb6 54. Kh3 Nd7 55. Kh4 Ne5 56. g5 a5 57. g6 Nxg6+ 58. Bxg6 Kxf3 
1/2-1/2

[Event "Sveins 5. minneturnering"]
[Site "Oslo"]
[Date "2012.06.22"]
[Round "4"]
[White "Smith, Axel"]
[Black "Frisk, Ellinor"]
[Result "1-0"]
[WhiteElo "2483"]
[BlackElo "2181"]
[PlyCount "83"]
[EventDate "2012.??.??"]

1. d4 d5 2. c4 c6 3. Nc3 e6 4. Nf3 Nf6 5. Bg5 h6 6. Bh4 dxc4 7. e4 Be7 8. Bxf6
Bxf6 9. e5 Be7 10. Bxc4 b6 11. Qe2 Bb7 12. O-O Nd7 13. Rfd1 O-O 14. Qe4 Re8 15.
a3 a5 16. Rac1 Qb8 17. h3 Qa7 18. Bd3 Nf8 19. Qg4 Rac8 20. Ne4 Nd7 21. Bc4 Rcd8
22. Ng3 c5 23. Nh5 g6 24. Bxe6 Nf8 25. Ba2 Bxf3 26. Qxf3 Bg5 27. Nf6+ Bxf6 28.
Qxf6 Rxd4 29. Rxd4 cxd4 30. e6 fxe6 31. Qxd4 Qb7 32. Qf4 Rc8 33. Qxh6 Rxc1+ 34.
Qxc1 Qe4 35. Qc3 Qa4 36. Bb3 Qd7 37. g3 Qd6 38. Qf6 Qc6 39. Kh2 Qd7 40. h4 Qd6
41. Bc2 Qd5 42. Bxg6 
1-0

[Event "Sveins 5. minneturnering"]
[Site "Oslo"]
[Date "2012.06.22"]
[Round "4"]
[White "Hoi, Carsten"]
[Black "Ziska, Helgi Dam"]
[Result "1/2-1/2"]
[WhiteElo "2357"]
[BlackElo "2450"]
[PlyCount "66"]
[EventDate "2012.??.??"]

1. d4 Nf6 2. c4 g6 3. Nc3 Bg7 4. e4 d6 5. f3 O-O 6. Be3 c5 7. Nge2 Nc6 8. d5
Ne5 9. Ng3 e6 10. Be2 exd5 11. cxd5 h5 12. Qd2 Nh7 13. f4 Ng4 14. Bxg4 Bxg4 15.
f5 Be5 16. Bf4 Re8 17. O-O h4 18. Nh1 h3 19. Bxe5 Rxe5 20. Nf2 gxf5 21. Nd3 Re8
22. exf5 Qg5 23. Qxg5+ Nxg5 24. Rf4 Be2 25. Nf2 Kg7 26. Nfe4 Nxe4 27. Nxe4 Re5
28. gxh3 Bd3 29. f6+ Kf8 30. Rh4 Kg8 31. Rg4+ Kf8 32. Rh4 Kg8 33. Rg4+ Kf8
1/2-1/2

[Event "Sveins 5. minneturnering"]
[Site "Oslo"]
[Date "2012.06.22"]
[Round "4"]
[White "Hagen, Andreas Skytte"]
[Black "Meurs, Tom"]
[Result "1-0"]
[WhiteElo "2445"]
[BlackElo "2246"]
[PlyCount "53"]
[EventDate "2012.??.??"]

1. d4 d5 2. c4 c6 3. Nf3 Nf6 4. Nc3 e6 5. Bg5 h6 6. Bh4 dxc4 7. e4 g5 8. Bg3 b5
9. Be2 Bb7 10. O-O Nbd7 11. Ne5 h5 12. Nxd7 Qxd7 13. Be5 Rh6 14. Qc1 Ng4 15.
Bxg4 hxg4 16. Qxg5 Rg6 17. Qh5 Qe7 18. b3 b4 19. Na4 c3 20. a3 a5 21. Nc5 O-O-O
22. Bf4 e5 23. Qf5+ Kc7 24. Bxe5+ Kb6 25. axb4 Rg5 26. Rxa5 Bc8 27. Qf4 
1-0

[Event "Sveins 5. minneturnering"]
[Site "Oslo"]
[Date "2012.06.22"]
[Round "4"]
[White "Øgaard, Leif"]
[Black "Diaz, Linda"]
[Result "1-0"]
[WhiteElo "2408"]
[BlackElo "2007"]
[PlyCount "61"]
[EventDate "2012.??.??"]

1. Nf3 Nf6 2. c4 e6 3. Nc3 c5 4. e3 Nc6 5. d4 cxd4 6. exd4 d5 7. c5 b6 8. Bb5
Bd7 9. Bxc6 Bxc6 10. Ne5 Rc8 11. b4 Be7 12. b5 Ba8 13. c6 O-O 14. O-O Kh8 15.
Re1 Ne8 16. a4 Nd6 17. Ba3 Rc7 18. Qd3 Bg5 19. Nd7 Rxd7 20. cxd7 Qxd7 21. a5
bxa5 22. Bc5 Bd8 23. Reb1 Bb6 24. Na4 Rb8 25. Qg3 Bc7 26. b6 axb6 27. Bxb6 Bxb6
28. Rxb6 Rxb6 29. Nxb6 Qd8 30. Nxa8 Nf5 31. Qc7 
1-0